| 000 | 00392nam a2200169 4500 | ||
|---|---|---|---|
| 003 | OSt | ||
| 008 | 240703b |||||||| |||| 00| 0 eng d | ||
| 020 | _a9780241958223 | ||
| 082 |
_a658.4092 _bSIS |
||
| 100 | _aSINEK, Simon | ||
| 245 | _aStart With Why | ||
| 250 | _a1st Ed. | ||
| 260 |
_aLondon _bPenguin Random House _c2019 |
||
| 300 | _ax, 246p. | ||
| 650 | _aGeneral | ||
| 942 |
_2ddc _cBK |
||
| 999 |
_c12787 _d12787 |
||